Kodeks cywilny wraz z przepisami wykonawczymi i skorowidzem ; (Rekord nr 11298)
| 000 -ETYKIETA REKORDU | |
|---|---|
| podpole kontrolne o stałej długości | 01231nam a2200301 i 4500 |
| 001 - NUMER KONTROLNY REKORDU | |
| pole kontrolne | bg |
| 003 - IDENTYFIKATOR NUMERU KONTROLNEGO REKORDU | |
| podpole kontrolne | KOSZ 005 |
| 005 - DATA OSTATNIEJ MODYFIKACJI REKORDU | |
| podpole kontrolne | 20210429125147.0 |
| 008 - POLE O STAŁEJ DŁUGOŚCI - DANE KONTROLNE | |
| podpole kontrolne o stałej długości | 071007s1968 pl f 000 0 pol |
| 015 ## - NUMER BIBLIOGRAFII NARODOWEJ | |
| Numer bibliografii narodowej | PB 1968/4516 |
| 040 ## - ŹRÓDŁO KATALOGOWANIA | |
| Instytucja, która sporządziła opis | WA N |
| Instytucja, która utworzyła rekord | KOSZ 005/RW |
| Instytucja, która dokonała modyfikacji | KOSZ 005/RW |
| 080 ## - UNIWERSALNA KLASYFIKACJA DZIESIĘTNA - UKD | |
| UKD | 347(438)+341.5 |
| 100 1# - NAZWA OSOBOWA | |
| Nazwa osobowa | Chorążkowa, Sabina. |
| 245 10 - TYTUŁ/ODPOWIEDZIALNOŚĆ | |
| Tytuł | Kodeks cywilny wraz z przepisami wykonawczymi i skorowidzem ; |
| Ciąg dalszy tytułu | Kodeks rodzinny i opiekuńczy ; Prawo prywatne międzynarodowe / |
| Pozostałe elementy strefy tytułu i oznaczenia odpowiedzialności | Sabina Chorążkowa. |
| 250 ## - STREFA WYDANIA | |
| Oznaczenie wydania | Wyd. 2 uzup., stan prawny na dzień 1marca 1968 r. |
| 260 ## - STREFA ADRESU WYDAWNICZEGO | |
| Miejsce wydania | Warszawa : |
| Nazwa wydawcy/dystrybutora | Wydawnictwo Prawnicze, |
| Data publikacji, dystrybucji/powstania dokumentu | 1968. |
| 300 ## - STREFA OPISU FIZYCZNEGO | |
| Objętość | 504 s. ; |
| Rozmiary | 18 cm. |
| 380 ## - FORMA I TYP PUBLIKACJI | |
| Forma i typ publikacji | Książki. |
| 500 ## - UWAGI OGÓLNE | |
| Tekst uwagi | Nazwa aut. zbioru na odwrocie k. tyt. |
| 500 ## - UWAGI OGÓLNE | |
| Tekst uwagi | Wyd. 1 pod hasłem : Kodeks. |
| 650 #4 - HASŁO PRZEDMIOTOWE W FORMIE NAZWY OGÓLNEJ LUB JEDNOSTKOWEJ | |
| Nazwa ogólna lub geograficzna | Prawo cywilne |
| Określnik geograficzny | Polska. |
| 650 #4 - HASŁO PRZEDMIOTOWE W FORMIE NAZWY OGÓLNEJ LUB JEDNOSTKOWEJ | |
| Nazwa ogólna lub geograficzna | Prawo prywatne międzynarodowe |
| Określnik geograficzny | Polska. |
| 700 12 - HASŁO DODATKOWE - NAZWA OSOBOWA | |
| Nazwa osobowa | Chorążkowa, Sabina. |
| Tytuł dzieła | Kodeks rodzinny i opiekuńczy. |
| 700 12 - HASŁO DODATKOWE - NAZWA OSOBOWA | |
| Nazwa osobowa | Chorążkowa, Sabina. |
| Tytuł dzieła | Prawo prywatne międzynarodowe. |
| 710 2# - HASŁO DODATKOWE - NAZWA CIAŁA ZBIOROWEGO | |
| Nazwa ciała zbiorowego lub jednostki geograficznej | Wydawnictwo Prawnicze |
| Kod określenia powiązania | pbl. |
| 856 ## - LOKALIZACJA I DOSTĘP DO ELEKTRONICZNYCH DOKUMENTÓW ZDALNYCH | |
| Link (URL) | http://koha.tu.koszalin.pl/cgi-bin/koha/opac-detail.pl?biblionumber=11298 |
| Tekst linku | Katalog online BPK |
| 942 ## - DODATKOWE ELEMENTY (KOHA) | |
| Schemat klasyfikacji | Uniwersalna Klasyfikacja Dziesiętna |
| Typ dokumentu | Książka |
| Wycofany | Status egzemplarza | Uszkodzony | Dostępność | Lokalizacja stała | Lokalizacja bieżąca | Miejsce przechowywania | Sygnatura | Kod kreskowy | Ostatnio wypożyczono | Typ dokumentu |
|---|---|---|---|---|---|---|---|---|---|---|
| Dostępny | Biblioteka Politechniki Koszalińskiej | Biblioteka Politechniki Koszalińskiej | Wypożyczalnia BG | 2887 | 02131580 | 08.03.2019 | Książka |
